000 00951nam a2200241 i 4500
003 CO-ViMGA
005 20230915224425.0
008 201201b2020 ck o|||er|||| 00| 0dspa d
020 _a9789585479319
040 _aCO-ViMGA
_bspa
_cCO-ViMGA
082 0 4 _a305.8009861
_bM67n
_222
100 1 _aMosquera Mosquera, Sergio Antonio
_eautor
_9161776
245 1 0 _aNegro ni mi caballo :
_bhistoria del racismo en Colombia /
_cSergio Antonio Mosquera
250 _aEdicion especial
260 _aBogota :
_bApidama Ediciones,
_c2020
300 _a383 paginas
_bfotografi­as
_c23 cm
490 0 _aPlan Nacional de Lectura y Escritura Leer es mi Cuento / Ministerio de Cultura
504 _aIncluye bibliografi­a al final del texto
650 1 4 _2LEMB
_aRacismo
_xHistoria
_zColombia
_9161498
650 1 7 _2LEMB
_aDiscriminacion racial
_xHistoria
_zColombia
_9161604
650 1 7 _2LEMB
_aNegros
_xCondiciones sociales
_xHistoria
_zColombia
_9161607
942 _2ddc
_cBK
999 _c9047
_d9047